[Event "ICS rated blitz match"]
[Site "204.178.125.65"]
[Date "2000.06.20"]
[Round "?"]
[White "PostModernist"]
[Black "Hossa"]
[Result "1-0"]
[WhiteElo "2615"]
[BlackElo "2353"]
[PlyCount "89"]
[EventDate "2000.??.??"]

1. d4 Nf6 2. c4 e6 3. g3 d5 4. Nf3 Be7 5. Bg2 dxc4 6. Nc3 O-O 7. Ne5 c5 8. dxc5
Qxd1+ 9. Nxd1 Nbd7 10. Nxc4 Nxc5 11. Nc3 Rd8 12. O-O Ng4 13. h3 Rd4 14. b3 Nf6
15. Be3 Rd7 16. Rad1 Rb8 17. Bd4 Bf8 18. b4 Na6 19. Bxa7 Bxb4 20. Nb5 Rxd1 21.
Rxd1 Bd7 22. Bxb8 Bxb5 23. Rd8+ Bf8 24. Bd6 Ne8 25. e3 Nc5 26. Bxc5 Bxc5 27.
Bxb7 Be7 28. Ra8 f6 29. Na5 Kf7 30. Bc6 Nd6 31. Bxb5 Nxb5 32. Nc6 Bd6 33. a4
Nc3 34. a5 Kg6 35. a6 Nd5 36. Rc8 Nb6 37. a7 Nxc8 38. a8=Q Nb6 39. Qe8+ Kg5 40.
Nd8 Bxg3 41. Nxe6+ Kh6 42. Qf7 Bxf2+ 43. Kxf2 Nd5 44. Qxg7+ Kh5 45. Qxh7# {
Hossa checkmated} 1-0

[Event "ICS Rated standard match"]
[Site "204.178.125.65"]
[Date "2000.06.20"]
[Round "?"]
[White "Hossa"]
[Black "QueenMaxima"]
[Result "0-1"]
[WhiteElo "2269"]
[BlackElo "2365"]
[PlyCount "162"]
[EventDate "2000.??.??"]

1. e4 e5 2. Nf3 Nc6 3. Bc4 Nf6 4. O-O Bc5 5. c3 Nxe4 6. d4 exd4 7. cxd4 d5 8.
dxc5 dxc4 9. Qxd8+ Kxd8 10. Rd1+ Bd7 11. Be3 Re8 12. Rc1 Be6 13. Nc3 Nxc3 14.
Rxc3 f6 15. Nd2 Ke7 16. Nxc4 Rad8 17. b3 Nb4 18. a3 Nc6 19. Nb2 Kf7 20. Re1 Kg8
21. b4 Bf5 22. Rcc1 a5 23. b5 Nd4 24. Bxd4 Rxe1+ 25. Rxe1 Rxd4 26. Rd1 Rxd1+
27. Nxd1 Kf7 28. b6 cxb6 29. cxb6 Ke6 30. Nc3 Kd6 31. Ne2 Kc5 32. h4 Kxb6 33.
Nd4 Bc8 34. h5 Kc5 35. Ne2 b5 36. Kf1 b4 37. axb4+ axb4 38. Ke1 Bf5 39. Kd2 Kc4
40. f3 b3 41. Kc1 g5 42. hxg6 hxg6 43. Kb2 Bd3 44. Nf4 Bc2 45. Ne6 Kd5 46. Nc7+
Kd4 47. Ne8 f5 48. Nc7 Ke5 49. Kc3 Kf4 50. Ne6+ Kg3 51. f4 Kxg2 52. Nf8 Kf3 53.
Nxg6 Ke4 54. Kb2 Bd1 55. Kc3 Bh5 56. Ne7 Bf7 57. Nc6 Kxf4 58. Nd4 Ke4 59. Nb5
Bd5 60. Kd2 f4 61. Nc3+ Ke5 62. Nd1 Kd4 63. Nf2 Be4 64. Nd1 f3 65. Nb2 f2 66.
Ke2 Kc3 67. Nd1+ Kc2 68. Ne3+ Kc1 69. Kxf2 b2 70. Kg3 b1=Q 71. Kf4 Bc6 72. Nf5
Qe4+ 73. Kg5 Qe5 74. Kg4 Bf3+ 75. Kxf3 Qxf5+ 76. Ke3 Qg4 77. Kd3 Kb2 78. Ke3
Kc2 79. Kf2 Kd3 80. Kf1 Ke3 81. Ke1 Qg1# {Hossa checkmated} 0-1

[Event "ICS rated bullet match"]
[Site "204.178.125.65"]
[Date "2000.06.20"]
[Round "?"]
[White "JSBach"]
[Black "Hossa"]
[Result "0-1"]
[WhiteElo "2136"]
[BlackElo "2327"]
[PlyCount "56"]
[EventDate "2000.??.??"]

1. d4 Nf6 2. Bf4 g6 3. d5 Bg7 4. Nc3 O-O 5. Nf3 d6 6. Ng5 e6 7. dxe6 fxe6 8.
Bd2 Nd5 9. Nxd5 exd5 10. Bc1 c6 11. c3 Na6 12. Be3 Nc5 13. Bd2 Bg4 14. f3 Qe7
15. Bc1 Bd7 16. Rg1 h6 17. Nh3 Bxh3 18. gxh3 Rxf3 19. Qc2 Nd3+ 20. Kd1 Nf2+ 21.
Kd2 Qe3+ 22. Ke1 Nd3+ 23. Kd1 Qxg1 24. exf3 Qxf1+ 25. Kd2 Nf4 26. Ke3 g5 27.
Qh7+ Kxh7 28. h4 Qe1# {JSBach checkmated} 0-1

[Event "ICS rated bullet match"]
[Site "204.178.125.65"]
[Date "2000.06.20"]
[Round "?"]
[White "cowardrat"]
[Black "Hossa"]
[Result "0-1"]
[WhiteElo "1645"]
[BlackElo "2335"]
[PlyCount "38"]
[EventDate "2000.??.??"]

1. e4 e5 2. d3 d6 3. Nc3 Nf6 4. Be3 Be7 5. f3 O-O 6. Qd2 d5 7. g4 d4 8. Bxd4
exd4 9. Nce2 Nc6 10. h4 Bb4 11. c3 dxc3 12. bxc3 Ba3 13. h5 Nd7 14. g5 Nc5 15.
Ng3 Qd6 16. f4 Rd8 17. d4 Qe7 18. e5 Nxd4 19. cxd4 Bb4 {cowardrat resigns} 0-1

[Event "ICS rated bullet match"]
[Site "204.178.125.65"]
[Date "2000.06.20"]
[Round "?"]
[White "Hossa"]
[Black "cowardrat"]
[Result "1-0"]
[WhiteElo "2336"]
[BlackElo "1644"]
[PlyCount "49"]
[EventDate "2000.??.??"]

1. d4 c6 2. e4 d5 3. exd5 cxd5 4. Nf3 Nf6 5. Bd3 e6 6. O-O Bd6 7. Nc3 O-O 8.
Nb5 Be7 9. Bf4 Na6 10. c3 Nh5 11. Be3 Nc7 12. Ne5 Nf6 13. Nxc7 Qxc7 14. Bg5 Qd8
15. Qc2 a6 16. Bxf6 Bxf6 17. Bxh7+ Kh8 18. Bd3 Bxe5 19. dxe5 Qg5 20. Rae1 b5
21. Re3 Bb7 22. Rh3+ Kg8 23. Bh7+ Kh8 24. Bg8+ Kxg8 25. Qh7# 1-0

[Event "ICS rated bullet match"]
[Site "204.178.125.65"]
[Date "2000.06.20"]
[Round "?"]
[White "cowardrat"]
[Black "Hossa"]
[Result "0-1"]
[WhiteElo "1643"]
[BlackElo "2337"]
[PlyCount "24"]
[EventDate "2000.??.??"]

1. e4 e5 2. d3 d6 3. Nc3 Nf6 4. Nf3 Be7 5. Be3 Ng4 6. Qd2 Nxe3 7. Qxe3 O-O 8.
h4 Nc6 9. h5 Bg4 10. Be2 Bxf3 11. Bxf3 Nd4 12. O-O-O Bg5 {cowardrat resigns}
0-1

[Event "ICS rated bullet match"]
[Site "204.178.125.65"]
[Date "2000.06.20"]
[Round "?"]
[White "Hossa"]
[Black "good2"]
[Result "1-0"]
[WhiteElo "2338"]
[BlackElo "1579"]
[PlyCount "65"]
[EventDate "2000.??.??"]

1. d4 d5 2. Nf3 e6 3. c4 Nf6 4. g3 dxc4 5. Qa4+ Nc6 6. Bg2 Bd7 7. Qxc4 Bd6 8.
Nc3 O-O 9. O-O a6 10. Bg5 Re8 11. Ne4 Be7 12. Nc5 h5 13. Bxf6 Bxf6 14. Nxb7 Qb8
15. Nc5 Qd8 16. Nxa6 Qc8 17. Nc5 e5 18. Qd5 exd4 19. Nxd7 Rd8 20. Nxf6+ gxf6
21. Qxc6 Rd6 22. Qc5 Raa6 23. Nxd4 c6 24. Qxd6 Qf8 25. Qxf8+ Kxf8 26. Nxc6 Kg7
27. Ne7 Re6 28. Nf5+ Kg6 29. e4 Re5 30. a4 Re8 31. b4 Ra8 32. Bf3 Rf8 33. Ne7+
{good2 resigns} 1-0

[Event "ICS rated bullet match"]
[Site "204.178.125.65"]
[Date "2000.06.20"]
[Round "?"]
[White "good2"]
[Black "Hossa"]
[Result "0-1"]
[WhiteElo "1579"]
[BlackElo "2338"]
[PlyCount "26"]
[EventDate "2000.??.??"]

1. e4 e5 2. Nf3 Nc6 3. Bc4 Nf6 4. d4 exd4 5. e5 d5 6. Bb5 Ne4 7. Nxd4 Bc5 8.
Bxc6+ bxc6 9. Nxc6 Bxf2+ 10. Kf1 Ba6+ 11. Qd3 Qc8 12. Qxa6 Qxa6+ 13. c4 Qxc4# {
good2 checkmated} 0-1

[Event "ICS rated bullet match"]
[Site "204.178.125.65"]
[Date "2000.06.20"]
[Round "?"]
[White "cowardrat"]
[Black "Hossa"]
[Result "0-1"]
[WhiteElo "1663"]
[BlackElo "2338"]
[PlyCount "56"]
[EventDate "2000.??.??"]

1. e4 e5 2. d3 d6 3. Nc3 Nf6 4. g3 Be7 5. Bg2 O-O 6. h3 Nc6 7. Be3 Be6 8. Nge2
d5 9. exd5 Nxd5 10. Nxd5 Bxd5 11. Bxd5 Qxd5 12. O-O Bb4 13. Nc3 Bxc3 14. bxc3
Ne7 15. f4 Nf5 16. Bd2 Nxg3 17. Rf3 Nf5 18. fxe5 Qxe5 19. Bf4 Qxc3 20. Bxc7 Nd4
21. Rg3 Nxc2 22. Qg4 Qxa1+ 23. Kh2 Rac8 24. Bf4 Ne1 25. d4 Rc2+ 26. Kh1 Nd3+
27. Rg1 Nf2+ 28. Kg2 Nxg4+ {cowardrat resigns} 0-1

[Event "ICS rated bullet match"]
[Site "204.178.125.65"]
[Date "2000.06.20"]
[Round "?"]
[White "Hossa"]
[Black "cowardrat"]
[Result "1-0"]
[WhiteElo "2339"]
[BlackElo "1662"]
[PlyCount "105"]
[EventDate "2000.??.??"]

1. d4 c5 2. d5 d6 3. e4 e6 4. Nf3 e5 5. Bb5+ Bd7 6. Bxd7+ Nxd7 7. Nc3 a6 8. O-O
Ngf6 9. Be3 Be7 10. Qe2 b5 11. Bg5 h6 12. Bxf6 Nxf6 13. a3 Qb6 14. a4 b4 15.
Nb1 a5 16. Nbd2 Qa6 17. Nc4 Nd7 18. Rfe1 Nb6 19. Nxb6 Qxb6 20. Qb5+ Qxb5 21.
axb5 O-O 22. Reb1 Rfb8 23. c4 a4 24. Ra2 Ra5 25. Kf1 Bd8 26. Ke2 Rba8 27. Nd2
a3 28. Nb3 R5a7 29. Kd3 axb2 30. Rxa7 Rxa7 31. Rxb2 Bb6 32. g3 Kf8 33. f4 f6
34. fxe5 fxe5 35. Rf2+ Rf7 36. Rxf7+ Kxf7 37. Nd2 Kg6 38. Nf1 Kg5 39. Ne3 h5
40. Nf5 h4 41. gxh4+ Kg4 42. Nxd6 Kh3 43. Nf7 Kxh4 44. Nxe5 Kh3 45. Nd7 Bd8 46.
Nxc5 Kxh2 47. e5 g5 48. Nb7 g4 49. Nxd8 g3 50. Nc6 g2 51. Nd4 g1=Q 52. Nf3+ Kg3
53. Nxg1 {cowardrat resigns} 1-0

[Event "ICS rated bullet match"]
[Site "204.178.125.65"]
[Date "2000.06.20"]
[Round "?"]
[White "cowardrat"]
[Black "Hossa"]
[Result "0-1"]
[WhiteElo "1661"]
[BlackElo "2340"]
[PlyCount "62"]
[EventDate "2000.??.??"]

1. e4 e5 2. Nf3 Nc6 3. d3 Nf6 4. c4 Bb4+ 5. Bd2 Bxd2+ 6. Qxd2 O-O 7. Nc3 d6 8.
h3 Be6 9. g4 Qe7 10. Be2 Nd4 11. Nxd4 exd4 12. Nd5 Bxd5 13. cxd5 Rfe8 14. O-O-O
Nxd5 15. exd5 Qxe2 16. Qg5 Qxf2 17. h4 Qe3+ 18. Qxe3 dxe3 19. Rde1 h5 20. g5
Re7 21. Re2 f5 22. gxf6 gxf6 23. Rh3 Rae8 24. Kc2 Kf7 25. d4 f5 26. Kd3 f4 27.
b4 Rg8 28. Rhh2 Rg1 29. a4 Rd1+ 30. Kc2 Rxd4 31. Kc3 Rxd5 {cowardrat resigns}
0-1

[Event "ICS rated bullet match"]
[Site "204.178.125.65"]
[Date "2000.06.20"]
[Round "?"]
[White "Hossa"]
[Black "QueenMaxima"]
[Result "0-1"]
[WhiteElo "2341"]
[BlackElo "2330"]
[PlyCount "136"]
[EventDate "2000.??.??"]

1. d4 Nf6 2. c4 e6 3. g3 d5 4. Nf3 dxc4 5. Bg2 Nc6 6. O-O a6 7. Qa4 b5 8. Qd1
Bb7 9. Nc3 Bd6 10. Bg5 h6 11. Bxf6 Qxf6 12. e4 Be7 13. d5 Rd8 14. Qe2 Ne5 15.
Nxe5 Qxe5 16. Qe3 b4 17. Na4 exd5 18. Qa7 Bc6 19. Qxa6 Qe6 20. exd5 Bxd5 21.
Qb5+ c6 22. Qb7 Bxg2 23. Rfe1 Be4 24. f3 f5 25. fxe4 fxe4 26. Rf1 Qc8 27. Qb6
Qa8 28. b3 c3 29. Rae1 Rf8 30. Qe3 Rxf1+ 31. Rxf1 c5 32. Nb6 Qa6 33. Nc4 Rd4
34. Qe2 Qe6 35. Qh5+ Kd8 36. Qe2 g6 37. g4 Bd6 38. a4 Kd7 39. a5 Kc7 40. a6 e3
41. h3 Bf4 42. Ra1 Qe4 43. a7 c2 44. a8=N+ Qxa8 45. Rxa8 c1=Q+ 46. Kg2 Qb1 47.
Ra5 Qxb3 48. Rxc5+ Kd8 49. Kf3 Rd2 50. Qe1 g5 51. Nxe3 Bxe3 52. Qxe3 Rd3 53.
Re5 Qd1+ 54. Kf2 Rxe3 55. Rxe3 b3 56. Re1 Qxe1+ 57. Kxe1 b2 58. Kf2 b1=Q 59.
Kg2 Qd3 60. Kf2 Qxh3 61. Ke2 Qxg4+ 62. Ke3 h5 63. Kd3 h4 64. Ke3 h3 65. Kd3 h2
66. Ke3 h1=Q 67. Kd3 Qhd1+ 68. Kc3 Qgd4# {Hossa checkmated} 0-1

[Event "ICS rated bullet match"]
[Site "204.178.125.65"]
[Date "2000.06.20"]
[Round "?"]
[White "Hossa"]
[Black "Lundbotanmats"]
[Result "1-0"]
[WhiteElo "2324"]
[BlackElo "1723"]
[PlyCount "31"]
[EventDate "2000.??.??"]

1. e4 e6 2. d4 b6 3. c4 Bb7 4. Nc3 c6 5. Nf3 d5 6. cxd5 cxd5 7. Bb5+ Nd7 8.
exd5 exd5 9. Ne5 Ngf6 10. Bg5 Be7 11. Bxf6 Bxf6 12. Nxd7 a6 13. Nxf6+ Kf8 14.
Nd7+ Ke7 15. Qe2+ Kd6 16. Qe5# 1-0

[Event "ICS rated bullet match"]
[Site "204.178.125.65"]
[Date "2000.06.20"]
[Round "?"]
[White "NukeChess"]
[Black "Hossa"]
[Result "0-1"]
[WhiteElo "1619"]
[BlackElo "2325"]
[PlyCount "36"]
[EventDate "2000.??.??"]

1. d4 Nf6 2. c4 e6 3. Nc3 Bb4 4. Nf3 c5 5. e3 Nc6 6. Bd3 cxd4 7. exd4 d5 8. O-O
dxc4 9. Bxc4 O-O 10. Be3 Ng4 11. a3 Bd6 12. h3 Nxe3 13. fxe3 Bd7 14. Ne4 Be7
15. Ne5 Nxe5 16. dxe5 Bc6 17. Qg4 Qb6 18. Qg5 Bxg5 {NukeChess resigns} 0-1

[Event "ICS rated bullet match"]
[Site "204.178.125.65"]
[Date "2000.06.20"]
[Round "?"]
[White "PostModernist"]
[Black "Hossa"]
[Result "1-0"]
[WhiteElo "2455"]
[BlackElo "2327"]
[PlyCount "153"]
[EventDate "2000.??.??"]

1. d4 Nf6 2. c4 e6 3. g3 d5 4. Nf3 dxc4 5. Qa4+ Nc6 6. Bg2 Bd7 7. Qxc4 Bd6 8.
O-O O-O 9. Nc3 Nb4 10. Bg5 Nbd5 11. Ne5 Bc8 12. Ng4 Be7 13. Nxf6+ Nxf6 14. Qd3
Ng4 15. Bxe7 Qxe7 16. Qf3 e5 17. Rfc1 c6 18. d5 Bd7 19. Rd1 Qb4 20. a3 Qc4 21.
Rac1 Rad8 22. Ne4 Qa2 23. dxc6 bxc6 24. Nc5 Be6 25. Qxc6 Rxd1+ 26. Rxd1 Bb3 27.
Re1 Nf6 28. Qc7 Qxb2 29. Nxb3 Qxb3 30. Qxa7 Qc3 31. Rf1 Re8 32. Rb1 Qc2 33. Rb8
Qxe2 34. Rxe8+ Nxe8 35. Qe7 Qd1+ 36. Bf1 Nf6 37. Qxe5 h6 38. Qc7 g6 39. h4 Kg7
40. Qf4 Qa1 41. Qf3 Qe1 42. g4 Qa5 43. Bc4 Qe1+ 44. Kg2 Qc1 45. Bb3 Qxa3 46. g5
hxg5 47. hxg5 Qd6 48. gxf6+ Qxf6 49. Qxf6+ Kxf6 50. Kf3 Ke7 51. Kf4 Kf8 52. Bc2
Kg8 53. Ke5 Kg7 54. Be4 Kh7 55. Kf6 Kh6 56. Bf3 Kh7 57. Kxf7 Kh6 58. Kf6 Kh7
59. Bd1 Kh6 60. f4 Kh7 61. Bb3 Kh6 62. Bf7 Kh7 63. Kg5 Kg7 64. Bxg6 Kf8 65. f5
Ke7 66. f6+ Kd8 67. f7 Ke7 68. Kh6 Kf8 69. Kh7 Ke7 70. Kg7 Kd6 71. f8=Q+ Ke5
72. Qb4 Kd5 73. Kf6 Kc6 74. Be4+ Kd7 75. Qb6 Ke8 76. Bc6+ Kf8 77. Qd8# {
Hossa checkmated} 1-0

[Event "ICS Rated standard match"]
[Site "204.178.125.65"]
[Date "2000.06.20"]
[Round "?"]
[White "Beadle"]
[Black "Hossa"]
[Result "1/2-1/2"]
[WhiteElo "2399"]
[BlackElo "2257"]
[PlyCount "185"]
[EventDate "2000.??.??"]

1. e4 e5 2. Nf3 Nc6 3. Bb5 Nge7 4. O-O a6 5. Bc4 Ng6 6. d3 Be7 7. Be3 O-O 8.
Nbd2 d6 9. c3 Na5 10. Qa4 Nxc4 11. Qxc4 Be6 12. Qb4 Qd7 13. Rfe1 a5 14. Qa3 f5
15. exf5 Bxf5 16. c4 Nh4 17. Nxh4 Bxh4 18. Qb3 Qf7 19. g3 Bf6 20. Ne4 b6 21. f3
Be7 22. Rf1 a4 23. Qb5 a3 24. b3 Bh3 25. Rf2 Qe6 26. Nc3 Qc8 27. Rd1 Rf7 28.
Nd5 Bf8 29. Qc6 Ra7 30. Nc3 Bd7 31. Qe4 Bf5 32. Qc6 Ra5 33. Nb5 Qb8 34. b4 Ra8
35. f4 Bc8 36. Qg2 Bb7 37. Qh3 exf4 38. Rxf4 Re7 39. g4 Qc8 40. Rdf1 Qd7 41.
Bd4 c5 42. bxc5 dxc5 43. Bc3 Qc6 44. Na7 Qh1+ 45. Kf2 Bg2 46. Rxh1 Bxh3 47. Nb5
Rd8 48. Rd1 Red7 49. d4 g5 50. Re4 cxd4 51. Bd2 Rf7+ 52. Kg3 Bf1 53. Bxg5 Rdd7
54. Rdxd4 Rxd4 55. Rxd4 Bc5 56. Rd2 Bb4 57. Rd8+ Rf8 58. Rxf8+ Bxf8 59. Bc1
Bxc4 60. Nxa3 Bd6+ 61. Kf2 Bxa2 62. h3 Be6 63. Nb5 Be5 64. Be3 Bc4 65. Na3 b5
66. Nxc4 bxc4 67. Kf3 Kf7 68. Ke4 Ke6 69. Bd4 Bd6 70. Bc3 Bc5 71. h4 Bf2 72. h5
Bh4 73. Kd4 Bf6+ 74. Kxc4 Bxc3 75. g5 Bh8 76. Kd3 Kf5 77. g6 h6 78. Ke3 Kg4 79.
Kf2 Bg7 80. Kg2 Kxh5 81. Kf2 Kh4 82. Kg2 h5 83. Kh2 Kg4 84. Kg1 Kg5 85. Kg2 Kf4
86. Kh3 Kf5 87. Kh4 Kxg6 88. Kh3 Kh6 89. Kg2 Kh7 90. Kh2 Kh8 91. Kh3 Kg8 92.
Kh4 Kh8 93. Kxh5 1/2-1/2

[Event "ICS rated bullet match"]
[Site "204.178.125.65"]
[Date "2000.06.20"]
[Round "?"]
[White "QueenMaxima"]
[Black "Hossa"]
[Result "1-0"]
[WhiteElo "2347"]
[BlackElo "2317"]
[PlyCount "51"]
[EventDate "2000.??.??"]

1. e4 e5 2. Nf3 Nc6 3. Bb5 Nge7 4. O-O a6 5. Ba4 d6 6. d4 b5 7. Bb3 Nxd4 8.
Nxd4 exd4 9. a4 c5 10. axb5 a5 11. Bg5 Bd7 12. Qh5 g6 13. Qf3 f5 14. exf5 Bxb5
15. f6 Ra7 16. Re1 c4 17. Na3 Qb6 18. fxe7 Bg7 19. Nxb5 cxb3 20. Nxa7 Qxa7 21.
Rxa5 Qa6 22. Rxa6 Be5 23. Ra8+ Kd7 24. e8=Q+ Rxe8 25. Ra7+ Ke6 26. Qf7# {
Hossa checkmated} 1-0

[Event "ICS rated bullet match"]
[Site "204.178.125.65"]
[Date "2000.06.20"]
[Round "?"]
[White "Hossa"]
[Black "BrerTerrapin"]
[Result "1-0"]
[WhiteElo "2302"]
[BlackElo "1958"]
[PlyCount "103"]
[EventDate "2000.??.??"]

1. d4 e6 2. Nf3 d5 3. g3 Nf6 4. Bg2 Be7 5. O-O O-O 6. Nc3 Bd7 7. Ne5 a6 8. Bg5
h6 9. Nxd7 Nbxd7 10. Bf4 c6 11. Qd3 Re8 12. e4 dxe4 13. Nxe4 Nxe4 14. Qxe4 Nf6
15. Qd3 Bd6 16. Be3 Rc8 17. c4 Bc7 18. Qb3 b5 19. Bxc6 bxc4 20. Qc2 Re7 21. Bb7
Rb8 22. Bxa6 Ba5 23. Bxc4 Rc8 24. Qe2 Qc7 25. Ba6 Rb8 26. Bf4 Qc6 27. Bxb8 Bb6
28. Qb5 Qxb5 29. Bxb5 Bxd4 30. Rfd1 Bb6 31. Bc6 Kh7 32. Kg2 g6 33. b4 Kg7 34.
Be5 Ba7 35. Bd6 Re8 36. Bxe8 Nxe8 37. Be5+ Nf6 38. a4 Bb6 39. a5 Bd8 40. Rxd8
g5 41. b5 Kg6 42. Bxf6 h5 43. Bc3 Kf5 44. a6 e5 45. b6 f6 46. a7 h4 47. b7 g4
48. gxh4 g3 49. hxg3 Kg4 50. Rg8+ Kf5 51. Ra6 e4 52. Rxf6# 1-0

[Event "ICS rated bullet match"]
[Site "204.178.125.65"]
[Date "2000.06.20"]
[Round "?"]
[White "PostModernist"]
[Black "Hossa"]
[Result "1-0"]
[WhiteElo "2465"]
[BlackElo "2308"]
[PlyCount "155"]
[EventDate "2000.??.??"]

1. e4 e5 2. Bc4 Nf6 3. d3 Bb4+ 4. Nc3 d5 5. exd5 Nxd5 6. Bd2 Bxc3 7. bxc3 O-O
8. Qf3 Nb6 9. Bb3 a5 10. a4 Na6 11. Be3 Qh4 12. Ne2 Rb8 13. Ng3 c5 14. O-O Qg4
15. Qe4 Re8 16. Rab1 Qxe4 17. Nxe4 Nd7 18. Bc4 Nc7 19. Nd6 Re7 20. Nxc8 Rxc8
21. Rxb7 Ree8 22. Ra7 Nb6 23. Bb3 Ncd5 24. c4 Nc3 25. Rxa5 Ne2+ 26. Kh1 Nd4 27.
f3 Rc7 28. Rb1 Nd7 29. Kg1 Ne2+ 30. Kf2 Nd4 31. c3 Nf5 32. Bd2 Rd8 33. Bc2 Nd6
34. Ra6 Nf8 35. Ke2 Ne6 36. Rab6 Ra7 37. Rb8 Nc8 38. Be3 Re8 39. R1b5 Rc7 40.
a5 Nf4+ 41. Kf2 Ne6 42. a6 f5 43. Ra5 Kf7 44. Rb7 Rxb7 45. axb7 Nd6 46. Ba4 Rb8
47. Bxc5 Nxb7 48. Ba7 Nxa5 49. Bxb8 Kf6 50. Ba7 Nf4 51. Bc2 e4 52. dxe4 fxe4
53. Bxe4 Nxc4 54. Bxh7 Kf7 55. Be4 Nb2 56. Bd4 Nd1+ 57. Ke1 Nb2 58. g3 Ne6 59.
Bd5 g6 60. c4 Nd3+ 61. Kd2 Nb4 62. Bxe6+ Kxe6 63. h4 Nc6 64. Kd3 Kd7 65. g4 Kc8
66. h5 gxh5 67. gxh5 Nd8 68. h6 Kc7 69. h7 Kd6 70. h8=Q Nc6 71. Qc8 Nxd4 72.
Kxd4 Ke7 73. Ke5 Kf7 74. Qd7+ Kg6 75. Qa7 Kg5 76. Qg7+ Kh5 77. c5 Kh4 78. Qg4#
{Hossa checkmated} 1-0

[Event "ICS rated standard match"]
[Site "204.178.125.65"]
[Date "2000.06.20"]
[Round "?"]
[White "Hossa"]
[Black "Beadle"]
[Result "0-1"]
[WhiteElo "2263"]
[BlackElo "2399"]
[PlyCount "110"]
[EventDate "2000.??.??"]

1. d4 Nf6 2. c4 e6 3. g3 d5 4. Nf3 dxc4 5. Qa4+ Nbd7 6. Bg2 a6 7. Qxc4 c5 8.
O-O b5 9. Qc2 Bb7 10. Be3 Rc8 11. Qd2 Bd6 12. Bg5 cxd4 13. Qxd4 Bc5 14. Qd1 h6
15. Bf4 Bxf3 16. Bxf3 e5 17. Bd2 e4 18. Bg2 O-O 19. Nc3 Qe7 20. e3 Rfd8 21. Rc1
Nb6 22. Rc2 Qe5 23. Qe2 Qf5 24. Rd1 b4 25. Nb1 Rd5 26. Qxa6 Ra8 27. Qb7 Rxa2
28. Qb8+ Kh7 29. Rxc5 Rxc5 30. Qxb6 Rxb2 31. Be1 Qh5 32. Qd6 Rc6 33. Qd4 Rc4
34. Qd8 Rbc2 35. h3 Rc1 36. g4 Qc5 37. Nc3 R4xc3 38. Bxc3 Qxc3 39. Bf1 Rxd1 40.
Qxd1 b3 41. g5 hxg5 42. h4 gxh4 43. Qd6 b2 44. Qf4 b1=Q 45. Qxh4+ Kg8 46. Qh3
Qc4 47. f3 Nd5 48. Kf2 Qc3 49. fxe4 Qbe1+ 50. Kg2 Nxe3+ 51. Kg1 Qcc1 52. Kh2
Nxf1+ 53. Kg2 Qc2+ 54. Kg1 Qh2+ 55. Qxh2 Ne3# {Hossa checkmated} 0-1

[Event "ICS rated bullet match"]
[Site "204.178.125.65"]
[Date "2000.06.20"]
[Round "?"]
[White "Hossa"]
[Black "ForrestGump2000"]
[Result "1-0"]
[WhiteElo "2328"]
[BlackElo "2163"]
[PlyCount "25"]
[EventDate "2000.??.??"]

1. e4 e5 2. Nf3 Nc6 3. Bb5 f5 4. Nc3 Nd4 5. Bc4 Nf6 6. Nxe5 Qe7 7. Nf7 Nxe4 8.
O-O d5 9. Nxh8 dxc4 10. Nxe4 fxe4 11. Re1 Bf5 12. c3 Kd8 13. cxd4 1-0

[Event "ICS rated bullet match"]
[Site "204.178.125.65"]
[Date "2000.06.20"]
[Round "?"]
[White "good2"]
[Black "Hossa"]
[Result "0-1"]
[WhiteElo "1573"]
[BlackElo "2337"]
[PlyCount "48"]
[EventDate "2000.??.??"]

1. e4 e5 2. Nf3 Nc6 3. Bc4 Nf6 4. d4 exd4 5. e5 d5 6. exd6 Bxd6 7. Nxd4 Nxd4 8.
Qxd4 Bb4+ 9. Qc3 Qe7+ 10. Be3 Ng4 11. h3 Nxe3 12. fxe3 Bxc3+ 13. Nxc3 Qh4+ 14.
Kd1 Qxc4 15. Re1 O-O 16. Kd2 Rd8+ 17. Kc1 Qh4 18. Rd1 Rxd1+ 19. Nxd1 Qg3 20. c3
Qxg2 21. b4 Bxh3 22. Nb2 Rd8 23. Nd3 Rxd3 24. Rb1 Qd2# {good2 checkmated} 0-1

[Event "ICS rated bullet match"]
[Site "204.178.125.65"]
[Date "2000.06.20"]
[Round "?"]
[White "ForrestGump2000"]
[Black "Hossa"]
[Result "0-1"]
[WhiteElo "2198"]
[BlackElo "2337"]
[PlyCount "22"]
[EventDate "2000.??.??"]

1. e4 e5 2. f4 exf4 3. Nc3 Qh4+ 4. Ke2 d5 5. Nxd5 Bg4+ 6. Nf3 Bd6 7. d4 Ne7 8.
Nxe7 Qxe7 9. e5 f6 10. Kd3 fxe5 11. dxe5 Bxe5 0-1

[Event "ICS rated bullet match"]
[Site "204.178.125.65"]
[Date "2000.06.21"]
[Round "?"]
[White "Hossa"]
[Black "owly"]
[Result "1-0"]
[WhiteElo "2363"]
[BlackElo "1737"]
[PlyCount "59"]
[EventDate "2000.??.??"]

1. e4 c6 2. d4 e6 3. Nf3 d5 4. exd5 cxd5 5. Bb5+ Nc6 6. O-O a6 7. Bxc6+ bxc6 8.
Qe2 Bd6 9. Bg5 Nf6 10. Nc3 h6 11. Bh4 g5 12. Bg3 Bxg3 13. fxg3 O-O 14. Ne5 a5
15. Nxc6 Qd7 16. Rxf6 Ba6 17. Ne5 Bxe2 18. Nxd7 Bc4 19. Nxf8 Rxf8 20. Rxh6 Kg7
21. Rh3 Kg6 22. g4 f5 23. gxf5+ exf5 24. b3 Ba6 25. Nxd5 f4 26. c4 f3 27. Rxf3
Re8 28. Rf6+ Kh5 29. Rxa6 Re2 30. Rxa5 {owly resigns} 1-0

[Event "ICS rated bullet match"]
[Site "204.178.125.65"]
[Date "2000.06.21"]
[Round "?"]
[White "ForrestGump2000"]
[Black "Hossa"]
[Result "0-1"]
[WhiteElo "2127"]
[BlackElo "2377"]
[PlyCount "24"]
[EventDate "2000.??.??"]

1. e4 e5 2. f4 exf4 3. Nc3 Qh4+ 4. Ke2 d5 5. Nxd5 Bg4+ 6. Nf3 Bd6 7. d4 c6 8.
Nxf4 Nd7 9. e5 Bb4 10. c3 Ba5 11. Kd3 Bf5+ 12. Kd2 Qxf4+ 0-1

[Event "ICS rated bullet match"]
[Site "204.178.125.65"]
[Date "2000.06.21"]
[Round "?"]
[White "Hossa"]
[Black "ForrestGump2000"]
[Result "1-0"]
[WhiteElo "2383"]
[BlackElo "2121"]
[PlyCount "26"]
[EventDate "2000.??.??"]

1. e4 e5 2. Nf3 Nc6 3. Bb5 f5 4. Nc3 Nd4 5. Bc4 Nf6 6. Nxe5 Qe7 7. Nf7 Rg8 8.
Ng5 d5 9. Nxd5 Nxd5 10. Bxd5 Qxg5 11. O-O Rh8 12. c3 Ne6 13. d4 fxe4 1-0

[Event "ICS rated bullet match"]
[Site "204.178.125.65"]
[Date "2000.06.21"]
[Round "?"]
[White "ForrestGump2000"]
[Black "Hossa"]
[Result "0-1"]
[WhiteElo "2115"]
[BlackElo "2389"]
[PlyCount "22"]
[EventDate "2000.??.??"]

1. e4 e5 2. f4 exf4 3. Nc3 Qh4+ 4. Ke2 d5 5. Nxd5 Bg4+ 6. Nf3 Bd6 7. d4 Ne7 8.
Nxf4 Nec6 9. c3 O-O 10. Kd3 Bxf3 11. gxf3 Bxf4 0-1

[Event "ICS rated bullet match"]
[Site "204.178.125.65"]
[Date "2000.06.21"]
[Round "?"]
[White "Hossa"]
[Black "kokomo"]
[Result "1-0"]
[WhiteElo "2399"]
[BlackElo "1724"]
[PlyCount "55"]
[EventDate "2000.??.??"]

1. e4 Nf6 2. e5 Nd5 3. c4 Nb6 4. d4 d6 5. f4 dxe5 6. fxe5 Nc6 7. Be3 Bf5 8. Nf3
e6 9. Nc3 Be7 10. d5 O-O 11. dxc6 Qxd1+ 12. Rxd1 bxc6 13. Be2 Bb4 14. O-O Bxc3
15. bxc3 Na4 16. Rc1 Rfd8 17. Nd4 Be4 18. Rf4 c5 19. Rxe4 cxd4 20. cxd4 Rab8
21. Bg5 f6 22. exf6 h6 23. f7+ Kxf7 24. Bxd8 Rxd8 25. Bg4 Re8 26. Rf1+ Kg6 27.
Bf5+ exf5 28. Rxe8 {kokomo resigns} 1-0

[Event "ICS rated bullet match"]
[Site "204.178.125.65"]
[Date "2000.06.21"]
[Round "?"]
[White "kokomo"]
[Black "Hossa"]
[Result "0-1"]
[WhiteElo "1723"]
[BlackElo "2400"]
[PlyCount "42"]
[EventDate "2000.??.??"]

1. Nf3 Nf6 2. d4 g6 3. g3 Bg7 4. Bg2 O-O 5. O-O d5 6. c4 dxc4 7. Nc3 Nc6 8. d5
Nb4 9. a3 Nbxd5 10. Ne5 Nxc3 11. Qxd8 Nxe2+ 12. Kh1 Rxd8 13. Nxc4 Ng4 14. h3
Nxf2+ 15. Rxf2 Rd1+ 16. Rf1 Nxg3+ 17. Kh2 Nxf1+ 18. Bxf1 Rxf1 19. Ne5 Bxe5+ 20.
Bf4 Bxf4+ 21. Kg2 Bxh3+ {kokomo resigns} 0-1